| 000 | 00945nam a2200277 i 4500 | ||
|---|---|---|---|
| 001 | 000026433 | ||
| 003 | DO-SdBNP | ||
| 005 | 20250124082802.0 | ||
| 007 | ta | ||
| 008 | 110317s1996 dr 000 0 spa d | ||
| 020 | _a8484001962 | ||
| 040 |
_aDO-SdBNP _bspa _cBNPHU _erda |
||
| 049 | _aBNPD | ||
| 082 | 4 |
_bZ214i _222 |
|
| 100 | 1 |
_aZáiter Mejía, Alba Josefina _4aut. _eautor _92002 |
|
| 245 | 1 | 3 |
_aLa identidad social y nacional en dominicana : _bun análisis psico-social / _cAlba Josefina Záiter Mejía ; prólogo, José R. Torregrosa Peris. |
| 264 |
_aSanto Domingo : _bEditora Taller, _c1996. |
||
| 300 |
_a264 páginas ; _c26 cm. |
||
| 336 |
_atexto _btxt _2rdacontent |
||
| 337 |
_asin mediación _bn _2sin mediación |
||
| 338 |
_avolumen _bnc _2rdacarrier |
||
| 504 | _aBibliografía : páginas 258-264 | ||
| 590 | _aInventariado, 2024/BT | ||
| 700 | 1 |
_aTorregrosa Peris, José R., _953481 _eprologista _4pról. |
|
| 942 |
_2ddc _cLBS1 |
||
| 999 |
_c25925 _d25925 |
||